[Event "91st GER-ch 2020"]
[Site "Magdeburg"]
[Date "2020.08.18"]
[Round "4.16"]
[White "Trifan, Andrei Ioan"]
[Black "Schulte, Felix"]
[Result "1-0"]
[WhiteElo "2249"]
[BlackElo "2174"]
[Annotator "ChessBase"]
[PlyCount "103"]
[EventDate "2020.08.16"]
[EventType "swiss"]
[EventCountry "GER"]
[SourceTitle "playchess.com"]
[Source "ChessBase"]
[SourceQuality "1"]
[TimeControl "40/5400+30:1800+30"]

1. e4 {[%emt 0:00:00]} c6 {[%emt 0:00:00]} 2. d4 {[%emt 0:00:37]} g6 {[%emt 0:00:01]} 3. Nc3 {[%emt 0:02:40]} d5 {[%emt 0:00:11]} 4. e5 {[%emt 0:02:13]} Bg7 {[%emt 0:02:32]} 5. f4 {[%emt 0:03:49]} Nh6 {[%emt 0:01:32]} 6. Nf3 {[%emt 0:04:25]} Bg4 {[%emt 0:02:25]} 7. Be3 {[%emt 0:10:21]} Qb6 {[%emt 0:02:35]} 8. Rb1 {[%emt 0:02:03]} f6 {[%emt 0:12:00]} 9. Be2 {[%emt 0:07:35]} Nd7 {[%emt 0:04:54]} 10. Bf2 {[%emt 0:06:47]} O-O {[%emt 0:06:16]} 11. O-O {[%emt 0:03:02]} Rfe8 {[%emt 0:04:21]} 12. Qd2 {[%emt 0:08:06]} a5 {[%emt 0:01:47]} 13. a4 {[%emt 0:05:24]} Rad8 {[%emt 0:01:52]} 14. h3 {[%emt 0:00:57]} Be6 {[%emt 0:01:14]} 15. g4 {[%emt 0:04:30]} Nf8 {[%emt 0:02:10]} 16. Be3 {[%emt 0:04:02]} f5 {[%emt 0:01:42]} 17. g5 {[%emt 0:02:11]} Nf7 {[%emt 0:00:06]} 18. h4 {[%emt 0:00:10]} Rb8 {[%emt 0:06:50]} 19. Nd1 {[%emt 0:04:34]} Nd8 {[%emt 0:03:20]} 20. Nf2 {[%emt 0:02:25]} Bf7 {[%emt 0:01:28]} 21. Nd3 {[%emt 0:00:26]} Nde6 {[%emt 0:00:32]} 22. b4 {[%emt 0:04:31]} axb4 {[%emt 0:01:31]} 23. Rxb4 {[%emt 0:01:14]} Qa7 {[%emt 0:00:07]} 24. Rfb1 {[%emt 0:01:35]} b6 {[%emt 0:00:34]} 25. Kg2 {[%emt 0:02:50]} Nd7 {[%emt 0:01:25]} 26. Nf2 {[%emt 0:02:33]} c5 {[%emt 0:00:25]} 27. dxc5 {[%emt 0:01:33]} bxc5 {[%emt 0:00:09]} 28. Rxb8 {[%emt 0:03:56]} Rxb8 {[%emt 0:00:55]} 29. Rxb8+ {[%emt 0:00:09]} Nxb8 {[%emt 0:00:47]} 30. c3 {[%emt 0:00:42]} Qxa4 {[%emt 0:00:54]} 31. Qb2 {[%emt 0:01:30]} Qa7 {[%emt 0:02:31]} 32. Nd3 {[%emt 0:01:51]} Nd7 {[%emt 0:01:29]} 33. Qb5 {[%emt 0:01:22]} Qc7 {[%emt 0:00:53]} 34. Qa6 {[%emt 0:02:44]} Nb6 {[%emt 0:06:43]} 35. Qb5 {[%emt 0:01:49]} Nd7 {[%emt 0:02:37]} 36. Bd1 {[%emt 0:00:24]} Be8 {[%emt 0:04:29]} 37. Ba4 {[%emt 0:00:36]} Kf7 {[%emt 0:00:26]} 38. Qc6 {[%emt 0:00:53]} Qa5 {[%emt 0:03:11]} 39. Nxc5 {[%emt 0:01:00]} Nxf4+ {[%emt 0:06:18]} 40. Bxf4 {[%emt 0:00:30]} Qxc5 {[%emt 0:06:33]} 41. e6+ {[%emt 0:30:27]} Kf8 {[%emt 0:30:20]} 42. exd7 {[%emt 0:00:10]} Qxc6 {[%emt 0:00:12]} 43. Bxc6 {[%emt 0:00:22]} Bxd7 {[%emt 0:00:04]} 44. Bxd7 {[%emt 0:00:07]} Bxc3 {[%emt 0:00:05]} 45. Be6 {[%emt 0:00:34]} Kg7 {[%emt 0:00:40]} 46. Bxd5 {[%emt 0:00:53]} Bb4 {[%emt 0:00:28]} 47. Be5+ {[%emt 0:02:25]} Kf8 {[%emt 0:00:08]} 48. Kh3 {[%emt 0:00:00]} Ba3 {[%emt 0:00:00]} 49. Nd4 {[%emt 0:00:00]} Bc1 {[%emt 0:00:00]} 50. Ne6+ {[%emt 0:00:00]} Ke8 {[%emt 0:00:00]} 51. Bg7 {[%emt 0:00:00]} Kf7 {[%emt 0:00:00]} 52. Bh6 {[%emt 0:00:00]} 1-0

[Event "91st GER-ch 2020"]
[Site "Magdeburg"]
[Date "2020.08.18"]
[Round "4.17"]
[White "Tschernatsch, Johannes"]
[Black "Michalowski, Peter"]
[Result "1-0"]
[WhiteElo "2241"]
[BlackElo "2106"]
[Annotator "ChessBase"]
[PlyCount "65"]
[EventDate "2020.08.16"]
[EventType "swiss"]
[EventCountry "GER"]
[SourceTitle "playchess.com"]
[Source "ChessBase"]
[SourceQuality "1"]
[TimeControl "40/5400+30:1800+30"]

1. e4 {[%emt 0:00:00]} c5 {[%emt 0:00:00]} 2. Nf3 {[%emt 0:00:00]} d6 {[%emt 0:00:24]} 3. d4 {[%emt 0:00:00]} cxd4 {[%emt 0:00:05]} 4. Nxd4 {[%emt 0:00:00]} Nf6 {[%emt 0:00:10]} 5. Nc3 {[%emt 0:00:00]} a6 {[%emt 0:00:07]} 6. Be2 {[%emt 0:00:10]} e5 {[%emt 0:00:11]} 7. Nb3 {[%emt 0:00:06]} Be7 {[%emt 0:00:07]} 8. O-O {[%emt 0:00:09]} O-O {[%emt 0:00:05]} 9. Be3 {[%emt 0:00:07]} Be6 {[%emt 0:01:06]} 10. Qd2 {[%emt 0:00:23]} Nbd7 {[%emt 0:01:25]} 11. a4 {[%emt 0:01:29]} b6 {[%emt 0:19:45]} 12. f3 {[%emt 0:03:19]} Qc7 {[%emt 0:06:36]} 13. Rfd1 {[%emt 0:06:18]} h6 {[%emt 0:13:48]} 14. Nc1 {[%emt 0:02:21]} Nc5 {[%emt 0:07:28]} 15. N1a2 {[%emt 0:03:33]} Rfd8 {[%emt 0:11:51]} 16. Nb4 {[%emt 0:02:32]} Qb7 {[%emt 0:03:46]} 17. Nbd5 {[%emt 0:03:31]} Nxd5 {[%emt 0:15:11]} 18. Nxd5 {[%emt 0:00:08]} Bg5 {[%emt 0:09:58]} 19. Bxg5 {[%emt 0:01:25]} hxg5 {[%emt 0:00:02]} 20. Qxg5 {[%emt 0:01:59]} Bxd5 {[%emt 0:00:43]} 21. exd5 {[%emt 0:00:52]} b5 {[%emt 0:00:45]} 22. axb5 {[%emt 0:01:00]} axb5 {[%emt 0:00:03]} 23. h4 {[%emt 0:04:47]} Rdc8 {[%emt 0:01:18]} 24. Rxa8 {[%emt 0:03:39]} Rxa8 {[%emt 0:00:22]} 25. h5 {[%emt 0:04:01]} Qb6 {[%emt 0:00:34]} 26. Kh2 {[%emt 0:00:48]} f6 {[%emt 0:02:22]} 27. Qg6 {[%emt 0:00:17]} b4 {[%emt 0:00:25]} 28. h6 {[%emt 0:01:32]} Ra7 {[%emt 0:01:25]} 29. h7+ {[%emt 0:12:57]} Kh8 {[%emt 0:00:04]} 30. Qe8+ {[%emt 0:00:04]} Kxh7 {[%emt 0:00:23]} 31. Rh1 {[%emt 0:00:53]} g5 {[%emt 0:02:26]} 32. Kg3+ {[%emt 0:00:46]} Kg7 {[%emt 0:00:13]} 33. Qh8+ {[%emt 0:02:16]} 1-0

[Event "91st GER-ch 2020"]
[Site "Magdeburg"]
[Date "2020.08.19"]
[Round "5.1"]
[White "Parvanyan, Ashot"]
[Black "Engel, Luis"]
[Result "1-0"]
[WhiteElo "2449"]
[BlackElo "2532"]
[Annotator "TA"]
[PlyCount "127"]
[EventDate "2020.08.16"]
[EventType "swiss"]
[EventCountry "GER"]
[SourceTitle "playchess.com"]
[Source "ChessBase"]
[SourceQuality "1"]

{[%evp 13,127,26,60,39,7,10,21,13,20,5,6,7,10,10,0,0,0,0,0,0,2,0,0,0,0,-37,-21,-35,-31,-49,-65,-43,-22,-71,-31,-107,-76,-77,-85,-70,-62,-33,-47,-47,9,8,30,35,108,88,111,117,166,16,204,200,256,245,266,259,366,363,369,299,304,296,295,295,290,211,207,202,211,211,211,211,279,279,279,277,283,231,232,230,228,206,206,206,374,374,374,374,373,373,398,398,405,328,405,398,542,312,382,381,373,373,692,685,603,605,1550,1435,29954,5126,29978,29979]} 1. Nf3 d5 2. d4 Nf6 3. c4 e6 4. g3 dxc4 5. Bg2 a6 6. O-O Nc6 7. e3 Rb8 8. Qe2 {E04: Open Catalan: 5 Nf3.} b5 9. b3 cxb3 10. Nfd2 {The position is equal.} Bb7 11. Nxb3 Nb4 12. Bxb7 Rxb7 {[#]} 13. Bb2 $146 ({Predecessor:} 13. a3 Nc6 14. Nc3 Be7 15. Bd2 O-O 16. Rfc1 Qd7 17. Qf3 Rc8 18. Rc2 Nd8 19. Ne4 Nxe4 20. Qxe4 {1-0 (40) Lafuente,P (2455)-Hungaski,R (2382) Avellaneda 2007}) 13... Be7 14. a3 Nc6 $1 15. Rc1 Rb6 16. N1d2 O-O 17. a4 {Black must now prevent a5.} Qd7 18. axb5 axb5 19. e4 Rc8 20. Nf3 Qe8 21. Nc5 Nd7 22. Nb3 Bf8 23. Qe3 Nb4 24. Ra7 (24. Ba3 $15) 24... Rc6 25. Nc5 Nxc5 26. dxc5 Ra6 27. Rxa6 Nxa6 28. c6 $1 Rb8 (28... Rd8 $15) 29. Ne5 $1 $11 Ra8 30. Nd7 Nb8 ({Black should play} 30... Qe7 $14) 31. Qd3 $36 {[%mdl 2048] Black is under strong pressure.} b4 32. Be5 b3 {[#]} 33. Nxf8 (33. Bxc7 b2 $11) (33. Qxb3 $6 Nxd7 34. cxd7 Qxd7 $11) (33. Qb5 $1 $18) 33... Nxc6 $2 {This move loses the game for Black.} (33... Kxf8 $11 {and Black is okay.} 34. Qxb3 (34. Bxc7 b2 $14) 34... Nxc6) 34. Nd7 $18 Nxe5 35. Nxe5 Qa4 36. Rb1 Rb8 (36... h5 {was called for.} 37. Nd7 Qa1 38. Qxb3 (38. Rxa1 $2 Rxa1+ 39. Kg2 b2 $19) 38... Qd4) 37. Nd7 Qb5 38. Qd4 Qb4 39. Qxb4 Rxb4 {[%mdl 4096] Endgame KRN-KR} 40. Nc5 b2 41. Nd3 Rxe4 42. Rxb2 {[%cal Rb2b8]} g5 43. Rc2 Rd4 44. Ne5 Re4 45. Nd7 {Hoping for Nf6+.} Kg7 46. Rxc7 h5 47. Nc5 Re5 48. Kg2 Kg6 49. Nb7 Rd5 50. Rc8 Kf6 $2 (50... Rd7) 51. Rd8 Re5 52. Rd7 Kg6 53. Nd6 f5 54. Ne8 g4 55. Rg7+ Kh6 56. Rf7 Re4 57. Nf6 Re1 58. Re7 Kg5 {[#]} 59. Nd5 $1 {[%mdl 512]} e5 $2 (59... h4 60. gxh4+ Kxh4) (59... exd5 60. Rxe1) 60. Ne3 Kf6 61. Re8 h4 62. gxh4 f4 63. Nxg4+ Kf5 {[#]} 64. Rxe5+ $1 {Accuracy: White = 82%, Black = 58%.} 1-0

[Event "91st GER-ch 2020"]
[Site "Magdeburg"]
[Date "2020.08.19"]
[Round "5.2"]
[White "Graf, Alexander"]
[Black "Dobrikov, Marco"]
[Result "1-0"]
[WhiteElo "2569"]
[BlackElo "2290"]
[Annotator "TA"]
[PlyCount "69"]
[EventDate "2020.08.16"]
[EventType "swiss"]
[EventCountry "GER"]
[SourceTitle "playchess.com"]
[Source "ChessBase"]
[SourceQuality "1"]

{[%evp 9,69,-2,0,10,22,11,0,3,28,22,30,30,97,0,0,-6,52,60,89,81,83,91,118,119,224,219,239,239,231,239,521,256,270,299,300,293,309,295,295,295,291,302,722,710,720,551,703,689,633,632,620,614,580,552,632,502,1185,1185,1059,1056,1056,1056]} 1. Nf3 c5 2. b3 d6 3. Bb2 e5 4. e3 Nc6 5. c4 Nf6 6. Nc3 {A04: Unusual lines after 1 Nf3 and King's Indian Attack.} Be7 7. Be2 O-O 8. O-O {The position is equal.} h6 {[#]} 9. Rc1 $146 ({Predecessor:} 9. d4 exd4 10. exd4 b6 11. d5 Ne5 12. h3 Nxf3+ 13. Bxf3 Bd7 14. Qd3 Rb8 15. a4 {½-½ (54) Zielke,B (1713)-Hartendauer,F (1504) Itzehoe 2007}) 9... Be6 10. d4 e4 (10... cxd4 $11 11. exd4 Bg4) 11. Nd2 ({Better is} 11. d5 $1 $16 {Black must now prevent Nd2.} exf3 12. Bxf3) 11... cxd4 $11 12. exd4 {aiming for d5.} Nxd4 (12... d5 $11) 13. Ndxe4 $14 d5 {White leaves nothing to chance now.} 14. cxd5 Nxe2+ 15. Qxe2 Nxd5 {[#]} 16. Rfd1 $1 Nxc3 (16... Nf4 $16 17. Qe3 Qb8) 17. Rxc3 $18 ({Weaker is} 17. Bxc3 Qb8 $14) 17... Qa5 {[#]} 18. Rg3 $1 {[%mdl 512]} g6 {[#]} 19. Bf6 $1 {[%cal Rf6e7]} Rfe8 $2 (19... Bxf6 {keeps fighting.} 20. Nxf6+ Kg7) 20. h4 (20. Bxe7 $142 Rxe7 21. Nf6+ Kh8 22. Qb2 Bxb3 23. Qc1) 20... Rad8 21. Bxe7 Rxe7 22. Rxd8+ Qxd8 23. Nf6+ Kf8 {Hoping for ...Bf5.} 24. Rd3 Qa5 {[#]} 25. b4 $1 {[%mdl 512]} Qc7 $2 (25... Qf5) (25... Qxb4 26. Rd8+) 26. Qd2 {[%cal Rd2h6] White is clearly winning.} Re8 27. Qxh6+ Ke7 28. Qg5 {Intending Nh7+ and mate.} Kf8 29. Nxe8 Kxe8 {[%mdl 4096] Endgame KQR-KQB} 30. a3 a6 31. Qc5 Qf4 32. Qd6 {[%csl Gd3][%cal Rd6d8]} Qc1+ (32... Qxd6 $142 33. Rxd6 Ke7) 33. Kh2 {[%csl Gd3][%cal Rd6d8]} Qc8 {[#]} 34. h5 $1 gxh5 35. Rg3 {Accuracy: White = 82%, Black = 49%.} 1-0

[Event "91st GER-ch 2020"]
[Site "Magdeburg"]
[Date "2020.08.19"]
[Round "5.3"]
[White "Heinemann, Thies"]
[Black "Siebrecht, Sebastian"]
[Result "1/2-1/2"]
[WhiteElo "2507"]
[BlackElo "2417"]
[Annotator "ChessBase"]
[PlyCount "113"]
[EventDate "2020.08.16"]
[EventType "swiss"]
[EventCountry "GER"]
[SourceTitle "playchess.com"]
[Source "ChessBase"]
[SourceQuality "1"]
[TimeControl "40/5400+30:1800+30"]

1. e4 {[%emt 0:00:00]} g6 {[%emt 0:00:00]} 2. d4 {[%emt 0:00:00]} Bg7 {[%emt 0:00:00]} 3. Nc3 {[%emt 0:00:00]} d6 {[%emt 0:00:00]} 4. f4 {[%emt 0:00:05]} Nf6 {[%emt 0:00:37]} 5. Nf3 {[%emt 0:00:08]} O-O {[%emt 0:01:01]} 6. Be3 {[%emt 0:01:23]} b6 {[%emt 0:01:48]} 7. Qd2 {[%emt 0:05:57]} Bb7 {[%emt 0:01:41]} 8. e5 {[%emt 0:01:07]} Ng4 {[%emt 0:01:02]} 9. O-O-O {[%emt 0:04:08]} e6 {[%emt 0:04:43]} 10. Qe2 {[%emt 0:17:46]} Nd7 {[%emt 0:05:34]} 11. Bg1 {[%emt 0:12:20]} Qe7 {[%emt 0:19:04]} 12. h3 {[%emt 0:06:08]} Nh6 {[%emt 0:00:02]} 13. Ne4 {[%emt 0:02:57]} f6 {[%emt 0:03:10]} 14. exd6 {[%emt 0:10:52]} cxd6 {[%emt 0:00:16]} 15. h4 {[%emt 0:05:44]} Rfc8 {[%emt 0:13:33]} 16. h5 {[%emt 0:04:37]} b5 {[%emt 0:05:27]} 17. hxg6 {[%emt 0:01:33]} hxg6 {[%emt 0:01:37]} 18. Qe1 {[%emt 0:04:28]} a6 {[%emt 0:01:00]} 19. Kb1 {[%emt 0:04:48]} Bd5 {[%emt 0:08:33]} 20. Bd3 {[%emt 0:02:28]} Nf8 {[%emt 0:01:06]} 21. Nc3 {[%emt 0:01:49]} Bc4 {[%emt 0:07:34]} 22. Rh3 {[%emt 0:06:10]} d5 {[%emt 0:03:12]} 23. Bxc4 {[%emt 0:03:06]} bxc4 {[%emt 0:00:32]} 24. Nxd5 {[%emt 0:00:59]} Qb7 {[%emt 0:01:56]} 25. Nxf6+ {[%emt 0:01:57]} Bxf6 {[%emt 0:00:39]} 26. Rxh6 {[%emt 0:00:01]} c3 {[%emt 0:01:28]} 27. b3 {[%emt 0:00:14]} a5 {[%emt 0:00:02]} 28. Rd3 {[%emt 0:00:41]} a4 {[%emt 0:02:30]} 29. Rxc3 {[%emt 0:00:54]} axb3 {[%emt 0:00:12]} 30. cxb3 {[%emt 0:00:43]} Qa6 {[%emt 0:00:27]} 31. a4 {[%emt 0:00:55]} Rxc3 {[%emt 0:02:08]} 32. Qxc3 {[%emt 0:00:01]} Qf1+ {[%emt 0:00:07]} 33. Qe1 {[%emt 0:00:49]} Qxg2 {[%emt 0:01:14]} 34. Qf2 {[%emt 0:00:52]} Qg4 {[%emt 0:00:06]} 35. Ne5 {[%emt 0:00:46]} Qd1+ {[%emt 0:00:44]} 36. Kb2 {[%emt 0:00:43]} Rc8 {[%emt 0:02:19]} 37. Nc4 {[%emt 0:00:10]} Rd8 {[%emt 0:00:13]} 38. Qg2 {[%emt 0:00:46]} Rxd4 {[%emt 0:04:31]} 39. Rxg6+ {[%emt 0:00:10]} Nxg6 {[%emt 0:00:07]} 40. Qxg6+ {[%emt 0:00:11]} Bg7 {[%emt 0:00:07]} 41. Qxe6+ {[%emt 0:14:42]} Kh8 {[%emt 0:12:08]} 42. Qh3+ {[%emt 0:05:16]} Kg8 {[%emt 0:00:23]} 43. Qe6+ {[%emt 0:05:00]} Kh8 {[%emt 0:00:18]} 44. Bxd4 {[%emt 0:02:03]} Bxd4+ {[%emt 0:01:05]} 45. Ka3 {[%emt 0:00:25]} Qa1+ {[%emt 0:03:52]} 46. Kb4 {[%emt 0:00:05]} Qc3+ {[%emt 0:00:02]} 47. Kb5 {[%emt 0:01:07]} Qxb3+ {[%emt 0:00:06]} 48. Kc6 {[%emt 0:00:19]} Qxa4+ {[%emt 0:00:06]} 49. Kd5 {[%emt 0:00:09]} Bg7 {[%emt 0:01:13]} 50. Qc8+ {[%emt 0:02:58]} Kh7 {[%emt 0:00:02]} 51. Qf5+ {[%emt 0:00:08]} Kg8 {[%emt 0:01:35]} 52. Qc8+ {[%emt 0:00:57]} Kh7 {[%emt 0:00:05]} 53. Ke6 {[%emt 0:00:52]} Qc2 {[%emt 0:02:17]} 54. Qc5 {[%emt 0:02:36]} Qg6+ {[%emt 0:02:55]} 55. Kd7 {[%emt 0:00:26]} Qf7+ {[%emt 0:00:12]} 56. Kc6 {[%emt 0:00:34]} Qxf4 {[%emt 0:00:17]} 57. Qh5+ {[%emt 0:00:16]} 1/2-1/2

[Event "91st GER-ch 2020"]
[Site "Magdeburg"]
[Date "2020.08.19"]
[Round "5.4"]
[White "Muckle, Julius"]
[Black "Bindrich, Falko"]
[Result "1/2-1/2"]
[WhiteElo "2386"]
[BlackElo "2605"]
[Annotator "TA"]
[PlyCount "81"]
[EventDate "2020.08.16"]
[EventType "swiss"]
[EventCountry "GER"]
[SourceTitle "playchess.com"]
[Source "ChessBase"]
[SourceQuality "1"]

{[%evp 13,81,-8,-7,-10,29,28,31,25,29,0,8,8,8,8,8,8,8,8,0,5,4,2,29,21,23,26,22,0,12,7,13,18,18,0,0,0,0,0,0,0,14,0,0,0,0,0,0,0,0,0,0,0,0,0,0,0,0,0,0,0,0,0,0,0,0,0,0,0,0,0]} 1. d4 Nf6 2. c4 e6 3. Nf3 d5 4. Nc3 a6 5. e3 dxc4 6. Bxc4 b5 7. Bd3 Bb7 8. a3 {D26: Queen's Gambit Accepted: 4 e3 e6 5 Bxc5 c5 sidelines.} Nbd7 9. b4 Bd6 10. O-O {White is slightly better.} e5 {[#] Threatens to win with ...e4.} 11. dxe5 Nxe5 12. Nxe5 Bxe5 13. Bb2 Qe7 14. Qe2 O-O 15. f4 Bxc3 $1 16. Bxc3 {[#]} Rfe8 $146 ({Predecessor:} 16... Ne4 17. Bd4 Bd5 18. f5 f6 19. Bxe4 Qxe4 20. Rf4 Qe7 21. Bc5 Qe5 22. Bd4 Qd6 23. Bc5 Qe5 24. Bd4 Qe8 25. e4 Rd8 26. Qf2 Bc4 27. Re1 Qd7 {½-½ (27) Figler,I (2354)-Shulman,Y (2551) Virginia Beach 2005}) 17. Be5 Nd7 18. Bxc7 Qxe3+ 19. Qxe3 Rxe3 20. Rfd1 {The position is equal.} Nf6 21. Be5 Ng4 22. Bd4 Ree8 23. h3 Ne3 24. Bxe3 $1 Rxe3 25. a4 bxa4 26. Rxa4 h5 27. b5 axb5 28. Rxa8+ Bxa8 29. Bxb5 $11 {[%mdl 4096] [#] Endgame And now Rd8+ would win. KRB-KRB} Kh7 30. Rd8 Ra3 31. Bd3+ g6 32. Bc4 Ra7 33. Bxf7 Rxf7 34. Rxa8 Rxf4 {KR-KR} 35. g3 {White wants to mate with Ra7+.} Rb4 36. Ra7+ Kh6 37. h4 Rb2 38. Rc7 Ra2 39. Rb7 Rc2 40. Ra7 Rb2 41. Rc7 {A rather calm draw. Accuracy: White = 97%, Black = 96%.} 1/2-1/2

[Event "91st GER-ch 2020"]
[Site "Magdeburg"]
[Date "2020.08.19"]
[Round "5.5"]
[White "Mueller, Dominik"]
[Black "Schulz, Lukas"]
[Result "1-0"]
[WhiteElo "2252"]
[BlackElo "2293"]
[Annotator "ChessBase"]
[PlyCount "59"]
[EventDate "2020.08.16"]
[EventType "swiss"]
[EventCountry "GER"]
[SourceTitle "playchess.com"]
[Source "ChessBase"]
[SourceQuality "1"]
[TimeControl "40/5400+30:1800+30"]

1. d4 Nf6 2. Bf4 g6 3. Nc3 d5 4. e3 Bg7 5. h4 O-O 6. h5 c5 7. hxg6 fxg6 8. dxc5 Nc6 9. Nf3 Bg4 10. Qd2 Qa5 11. Ne5 Rad8 12. f3 Be6 13. Nxc6 bxc6 14. Ne2 Qa4 15. Qd4 Qa5+ 16. b4 Qa3 17. Be5 a5 18. Nf4 Bf7 19. b5 cxb5 20. Bxb5 Rb8 21. Rb1 Rbc8 22. c6 Qxa2 23. O-O Qxc2 24. Rfc1 Qf5 25. Bd3 Qg5 26. Ba6 Nh5 27. Bxg7 Nxg7 28. Bxc8 Rxc8 29. c7 Nf5 30. Qe5 1-0

[Event "91st GER-ch 2020"]
[Site "Magdeburg"]
[Date "2020.08.19"]
[Round "5.6"]
[White "Hess, Max"]
[Black "Dubiel, Jacek"]
[Result "1/2-1/2"]
[WhiteElo "2378"]
[BlackElo "2414"]
[Annotator "ChessBase"]
[PlyCount "81"]
[EventDate "2020.08.16"]
[EventType "swiss"]
[EventCountry "GER"]
[SourceTitle "playchess.com"]
[Source "ChessBase"]
[SourceQuality "1"]
[TimeControl "40/5400+30:1800+30"]

1. e4 {[%emt 0:00:00]} e5 {[%emt 0:00:00]} 2. Nf3 {[%emt 0:00:17]} Nc6 {[%emt 0:00:00]} 3. Bb5 {[%emt 0:00:28]} a6 {[%emt 0:00:00]} 4. Ba4 {[%emt 0:00:04]} Nf6 {[%emt 0:00:11]} 5. Qe2 {[%emt 0:00:28]} b5 {[%emt 0:00:25]} 6. Bb3 {[%emt 0:00:05]} Be7 {[%emt 0:00:10]} 7. c3 {[%emt 0:00:23]} O-O {[%emt 0:00:52]} 8. O-O {[%emt 0:00:07]} d5 {[%emt 0:00:57]} 9. d3 {[%emt 0:00:29]} Re8 {[%emt 0:03:32]} 10. Nbd2 {[%emt 0:07:39]} Bf8 {[%emt 0:03:31]} 11. exd5 {[%emt 0:04:01]} Nxd5 {[%emt 0:17:51]} 12. Ne4 {[%emt 0:01:48]} Na5 {[%emt 0:09:51]} 13. Nfg5 {[%emt 0:11:50]} Re7 {[%emt 0:05:25]} 14. Bc2 {[%emt 0:42:14]} h6 {[%emt 0:04:52]} 15. Nf3 {[%emt 0:01:21]} Re8 {[%emt 0:17:33]} 16. b4 {[%emt 0:02:10]} Nb7 {[%emt 0:01:36]} 17. Bb3 {[%emt 0:06:21]} Bf5 {[%emt 0:03:35]} 18. Bxh6 {[%emt 0:02:40]} Nxc3 {[%emt 0:00:52]} 19. Qc2 {[%emt 0:03:08]} Nxe4 {[%emt 0:08:57]} 20. dxe4 {[%emt 0:00:08]} Be6 {[%emt 0:00:55]} 21. Bg5 {[%emt 0:02:42]} Qc8 {[%emt 0:02:37]} 22. Bxe6 {[%emt 0:01:31]} Rxe6 {[%emt 0:00:07]} 23. a4 {[%emt 0:00:36]} Bxb4 {[%emt 0:01:50]} 24. axb5 {[%emt 0:00:04]} axb5 {[%emt 0:00:04]} 25. Rxa8 {[%emt 0:00:07]} Qxa8 {[%emt 0:00:02]} 26. Qxc7 {[%emt 0:00:11]} Nd6 {[%emt 0:01:41]} 27. Rd1 {[%emt 0:03:42]} Qxe4 {[%emt 0:01:37]} 28. Be3 Qb7 {[%emt 0:07:26]} 29. Qxb7 {[%emt 0:02:20]} Nxb7 {[%emt 0:00:05]} 30. Rb1 {[%emt 0:00:14]} Bd6 {[%emt 0:05:11]} 31. Rxb5 {[%emt 0:00:10]} Re7 {[%emt 0:00:08]} 32. g3 {[%emt 0:01:24]} f6 {[%emt 0:00:30]} 33. Nd2 {[%emt 0:01:37]} Rd7 {[%emt 0:01:01]} 34. Ne4 {[%emt 0:00:31]} Be7 {[%emt 0:00:37]} 35. g4 {[%emt 0:01:17]} Kf7 {[%emt 0:00:20]} 36. Kg2 {[%emt 0:01:06]} Nd6 {[%emt 0:00:59]} 37. Nxd6+ {[%emt 0:00:06]} Bxd6 {[%emt 0:00:26]} 38. Bc5 {[%emt 0:00:11]} Bxc5 {[%emt 0:00:07]} 39. Rxc5 {[%emt 0:00:02]} Ke6 {[%emt 0:01:18]} 40. h3 {[%emt 0:00:50]} Ra7 {[%emt 0:00:05]} 41. Rc8 {[%emt 0:30:37]} 1/2-1/2